Statistiques concernant Anagrammes aléatoires de pays européens

Cliquez ici pour prendre le quiz!

Statistiques générales

  • Ce quiz a été pris 39 840 fois
  • Le résultat moyen est 15 sur 20

Statistiques - réponses

Pays% Correct
Grèce
96%
Kosovo
94%
Suède
94%
Suisse
93%
France
88%
Italie
88%
Monténégro
88%
Luxembourg
87%
Russie
83%
Biélorussie
82%
Norvège
82%
Belgique
81%
Finlande
81%
Slovaquie
81%
Monaco
80%
Serbie
79%
Slovénie
77%
Espagne
76%
Pologne
76%
Liechtenstein
75%
Danemark
74%
Vatican
74%
Ukraine
73%
Lituanie
70%
Bulgarie
69%
Allemagne
68%
Hongrie
68%
Portugal
68%
Albanie
67%
Lettonie
66%
Croatie
65%
Estonie
63%
Roumanie
57%
Irlande
56%
Andorre
55%
Islande
54%
Autriche
44%

Distribution des résultats

Percentile par nombre de réponses

% des personnes avec chaque résultat

Votre développement - résultats

Vous n’avez pas pris ce quiz